02310cam a2200229 a 450000100100000000500170001000800410002702000150006808200200008324501260010326001060022930000360033550400420037150000380041350000320045150514330048365000430191665100280195970000420198770000380202904000130206700002546520200930023816.0000425s2002 mx bd b 101 0 spa  a9686384391 a304.2/098bE82h00aEstudios sobre historia y ambiente en América /ccompilación Bernardo Gracía Martínez y Alba González Jácome. aMéxico, D. F. :bInstituto Panamericano de Geografía e Historia :bEl Colegio de México,c2002. at. ; :bmaps., grafs. ;c23 cm. aIncluye referencias bibliográficas. aIncluye notas al pie de páginas aLa bilioteca poseeel tomo 2 tIntroduccióntEl Galeón de Manila y el clima del pacifico durante el siglo xvii /rRicardo García HerreratClima y variabilidad climática en costa rica a través de información histórica del siglo xix /rJorge A. AmadortClima y economía en el área surandina: el ato Perú y el espacio regional a fines del siglo xviii /rMaría del Rosario Prieto y Roberto G. HerreratEntre sequias y aluviones: hacia una historia ambiental de la quebrada de humahuaca, Argentina /rHortensia CastrotLa pampa como ecosistema /rJuan Carlos GaravagliatHacia una historia ambiental de los bosques de pino de la norteamérica nororiental (1700-1900) /rGraeme WynntMovimientos pioneros y deterioro ambiental y paisajístico en el siglo xix venezolano /rPedro Cunill GrautEl rub al-kahli prehispánico de la Tlaxcala: una interpretación del paisaje /rAlfred H. SiemenstPaisajes del pasado: los cálales del suroeste de Tlaxcala /rAlba González JácometLas epidemias liberales: agricultura ambiente y globalización en Ecuador /rStuart McCooktRíos desbordados y pastizales secos: un recorrido de contrastes por los caminos ganaderos del siglo xviii novohispano /rBernardo García MartíneztCultura esgotadora: agricultura y destrucción ambiental en las últimas décadas de Brasil monárquico /rJosé Augusto PáduatEspacio, tiempo, ambiente y escala /rCarlos ReborattitÍndice onomástico 0aHuman ecologyzLatin AmericaxHistory. 0aLatin AmericaxHistory.1 aGarcía Martínez, Bernardo.ecomp.1 aGonzález Jácome, Alba.ecomp. aDO-SdBNP